BIBLIOTECA PODER JUDICIAL
Portal Judicial TDF

La violencia contra la mujer y los delitos contra la libertad sexual / (Registro nro. 5506)

000 -LEADER
fixed length control field 01676nab a22002777a 4500
003 - CONTROL NUMBER IDENTIFIER
control field OSt
005 - DATE AND TIME OF LATEST TRANSACTION
control field 20251210092344.0
008 - FIXED-LENGTH DATA ELEMENTS--GENERAL INFORMATION
fixed length control field 190502c xxu||||| |||| 00| 0 spa d
040 ## - CATALOGING SOURCE
Transcribing agency PJ
100 ## - MAIN ENTRY--PERSONAL NAME
9 (RLIN) 6480
Personal name Contreras Alderete, Lucas
245 13 - TITLE STATEMENT
Title La violencia contra la mujer y los delitos contra la libertad sexual /
Statement of responsibility, etc Lucas Contreras Alderete.
260 ## - PUBLICATION, DISTRIBUTION, ETC. (IMPRINT)
Place of publication, distribution, etc Ciudad Autónoma de Buenos Aires :
Name of publisher, distributor, etc Thomson Reuters La Ley,
Date of publication, distribution, etc 2025.
300 ## - PHYSICAL DESCRIPTION
Extent p. 9-41
500 ## - GENERAL NOTE
General note Cita Online: AR/DOC/2443/2025.
505 ## - FORMATTED CONTENTS NOTE
Formatted contents note Sumario: I. Análisis sociológico. La cultura de la violación.— II. El bien jurídico protegido: la libertad sexual.— III. El delito de abuso sexual: abuso sexual simple, abuso sexual gravemente ultrajante y abuso sexual con acceso carnal. — IV. Modernas figuras delictivas: stealthing o retiro sigiloso del medio profiláctico, revenge porn o porno venganza y sextortion o extorsión sexual.— V. Problemas procesales en torno a los delitos contra la libertad sexual: Prescripción. Validez de las capturas de pantalla como medio de prueba. Especial referencia a las conversaciones de WhatsApp.
505 ## - FORMATTED CONTENTS NOTE
Title ¿Te interesa el texto completo? Solicitalo al correo: koha@justierradelfuego.gov.ar
650 #0 - SUBJECT ADDED ENTRY--TOPICAL TERM
9 (RLIN) 343
Topical term or geographic name as entry element DERECHO PENAL
650 #0 - SUBJECT ADDED ENTRY--TOPICAL TERM
9 (RLIN) 3053
Topical term or geographic name as entry element VIOLENCIA DE GÉNERO
650 #0 - SUBJECT ADDED ENTRY--TOPICAL TERM
Topical term or geographic name as entry element DELITOS CONTRA LA INTEGRIDAD SEXUAL
9 (RLIN) 2902
650 #0 - SUBJECT ADDED ENTRY--TOPICAL TERM
Topical term or geographic name as entry element ABUSO SEXUAL CALIFICADO POR ACCESO CARNAL
9 (RLIN) 4467
650 #0 - SUBJECT ADDED ENTRY--TOPICAL TERM
Topical term or geographic name as entry element PORNOGRAFÍA
9 (RLIN) 2911
650 #0 - SUBJECT ADDED ENTRY--TOPICAL TERM
Topical term or geographic name as entry element PRESCRIPCIÓN
9 (RLIN) 3092
650 #0 - SUBJECT ADDED ENTRY--TOPICAL TERM
Topical term or geographic name as entry element DELITOS
9 (RLIN) 3136
773 0# - HOST ITEM ENTRY
Host Biblionumber 2729
Host Itemnumber 3180
Place, publisher, and date of publication Buenos Aires : LexisNexis, 2006-
Title Revista de derecho penal y procesal penal. Nº 11 - Noviembre 2025
International Standard Book Number 9875920622
942 ## - ADDED ENTRY ELEMENTS (KOHA)
Source of classification or shelving scheme
Koha item type Analítica Artículo de Revista

No hay ítems disponibles.

12 de Octubre 789 Ushuaia - Tel:  54(02901)441571
Horario de Atención: 8.00 a 17.00 hs. 
bibliotecaush@justierradelfuego.gov.ar
koha@justierradelfuego.gov.ar
Seguinos en nuestras redes @bibliojustdf 

Con tecnología Koha